00938nam a22002417a 45000010005000000030006000050050017000110080041000280200018000690400029000870500009001160820010001251000021001352450080001562600053002363000058002895050007003475200222003545210028005765210018006046500039006227000035006616406FISKH20250429094514.0250429b cb ||||| |||| 00| 0 eng d a9781841351940 aFISKHbengcFISKHdFISKH aPZ7  a428.6 aAndrews, Jackie  aHenny Penny / cRewritten by Jackie Andrews ; Illustrated by Lawrie Taylor  aNottinghamshire : bAward Publications, c2013.  a32unnumbered pages : bcolor illustrations ; c26 cm  aP  aA favorite tale with appealing illustrations helps encourage a love of reading from an early age. When Henny Penny gets hit on the head by a falling acorn, she thinks the sky is falling, and sets off to tell the king.8 a640 bLexile estimate 8 aP bRaz-Plus  aFolktales and FablesvPicture Book aTaylor, Lawrie eillustrator